לענדער פֿון דײַטשלאַנד - מאַפּע קוויז - Statistics

General Stats
  • This quiz has been taken 7 times
  • The average score is 6 of 16
Answers on the Map
Answers color-coded by a green-red scale on the quiz's map according to % correct below.
 
Answer Stats
Answer % Correct
נאָרד רײַן־װעסטפֿאַליע | צפון רײַן־װעסטפֿאַליע
75%
באַדן-ווירטנבערג
50%
ברעמען
50%
בערלין
50%
זאַקסן
50%
בראַנדנבורג
50%
בײַערן
50%
זאַקסן-אַנהאַלט
25%
מעקלענבורג-מערב פאָמעראַניע
25%
זאַרלאַנד
25%
העסע
25%
האַמבורג
25%
שלעזוויג-האָלשטײַן
25%
רײַנלאַנד-פֿאַלץ
25%
טירינגיע
25%
נידער-זאַקסן
25%
No matching quizzes found
Score Distribution
Percent of People with Each Score
Percentile by Number Answered
Your Score History
You have not taken this quiz